000 00759nam a2200217Ii 4500
003 JO-AjNU
008 230605s9999||||xx |||||||||||||| ||und||
040 _aJO-AjNU
_bara
_erda
_cJO-AjNU
041 _aara
050 1 4 _aBP134.N86.A2825 2004
100 3 _aبقلم أبو خضر، مأمون يوسف,
_eauthor
_914936
245 0 0 _aالرقم (2) والرقم(8) ومعادلة معجزة العلم العقل، ج1
250 _aط1
264 3 1 _aد.م:د.ن،2004
300 _aج1، 156ص
336 _atext
_btxt
_2rdacontent
337 _aunmediated
_bn
_2rdamedia
338 _avolume
_bnc
_2rdacarrier
490 0 _aسلسلة الارقام العربية العشرة
650 4 _aالاسلام - الارقام العشر - اعجاز
_914937
999 _aA4102
_c7670
_d7670